Водородная энергетика: способы получения водорода; Коммуникация иностранных студентов, магистрантов и аспирантов в учебно-профессиональной и научной сферах

Λεπτομέρειες βιβλιογραφικής εγγραφής
Parent link:Коммуникация иностранных студентов, магистрантов и аспирантов в учебно-профессиональной и научной сферах.— 2011.— [С. 86-89]
Κύριος συγγραφέας: Гинтинг Р. Рутта
Άλλοι συγγραφείς: Кашкан Г. В. (научный руководитель)
Περίληψη:Заглавие с титульного листа
Электронная версия печатной публикации
Γλώσσα:Ρωσικά
Έκδοση: 2011
Θέματα:
Διαθέσιμο Online:http://www.lib.tpu.ru/fulltext/v/Conferences/2011/K05/11525.pdf
Μορφή: Ηλεκτρονική πηγή Κεφάλαιο βιβλίου
KOHA link:https://koha.lib.tpu.ru/cgi-bin/koha/opac-detail.pl?biblionumber=215334

MARC

LEADER 00000naa2a2200000 4500
001 215334
005 20260116175809.0
035 |a (RuTPU)RU\TPU\book\235236 
035 |a RU\TPU\book\235235 
090 |a 215334 
100 |a 20120510d2011 k y0rusy50 ca 
101 0 |a rus 
102 |a RU 
135 |a drnn ---uucaa 
181 0 |a i  
182 0 |a b 
200 1 |a Водородная энергетика: способы получения водорода  |f Р. Гинтинг  |g науч. рук. Г. В. Кашкан 
203 |a Текст  |c электронный 
215 |a 1 файл (373 Кб) 
300 |a Заглавие с титульного листа 
300 |a Электронная версия печатной публикации 
337 |a Adobe Reader 
463 1 |0 (RuTPU)RU\TPU\book\234830  |t Коммуникация иностранных студентов, магистрантов и аспирантов в учебно-профессиональной и научной сферах  |o сборник докладов V Университетской научно-практической конференции иностранных студентов, магистрантов и аспирантов Томского политехнического университета, Томск, 18-22 апреля 2011 г.  |f Национальный исследовательский Томский политехнический университет (ТПУ), Институт международного образования и языковой коммуникации (ИМОЯК)  |v [С. 86-89]  |d 2011 
610 1 |a энергия 
610 1 |a водород 
610 1 |a водородная энергетика 
610 1 |a получение 
610 1 |a электронный ресурс 
610 1 |a труды учёных ТПУ 
610 1 |a способы 
700 1 |a Гинтинг  |b Р.  |g Рутта 
702 1 |a Кашкан  |b Г. В.  |4 727 
801 1 |a RU  |b 63413507  |c 20120507 
801 2 |a RU  |b 63413507  |c 20160220  |g RCR 
856 4 |u http://www.lib.tpu.ru/fulltext/v/Conferences/2011/K05/11525.pdf 
942 |c CF